<?xml version="1.0" encoding="UTF-8"?>
<record
    xmlns:xsi="http://www.w3.org/2001/XMLSchema-instance"
    xsi:schemaLocation="http://www.loc.gov/MARC21/slim http://www.loc.gov/standards/marcxml/schema/MARC21slim.xsd"
    xmlns="http://www.loc.gov/MARC21/slim">

  <leader>00353nam a22001577a 4500</leader>
  <controlfield tag="003">SGT</controlfield>
  <datafield tag="020" ind1=" " ind2=" ">
    <subfield code="a">9781264264544</subfield>
  </datafield>
  <datafield tag="082" ind1=" " ind2=" ">
    <subfield code="a">615.58</subfield>
    <subfield code="b">D23D</subfield>
  </datafield>
  <datafield tag="100" ind1=" " ind2=" ">
    <subfield code="a">DIPIRO, JOSEPH. T ,ed.</subfield>
  </datafield>
  <datafield tag="245" ind1=" " ind2=" ">
    <subfield code="a">DIPIRO'S PHARMACOTHERAPY</subfield>
  </datafield>
  <datafield tag="250" ind1=" " ind2=" ">
    <subfield code="a">12TH</subfield>
  </datafield>
  <datafield tag="260" ind1=" " ind2=" ">
    <subfield code="a">NEW YORK</subfield>
    <subfield code="b">MC,GRAW HILL</subfield>
    <subfield code="c">2023</subfield>
  </datafield>
  <datafield tag="300" ind1=" " ind2=" ">
    <subfield code="a">2618</subfield>
  </datafield>
  <datafield tag="653" ind1=" " ind2=" ">
    <subfield code="a">PHARMACOTHERAPY</subfield>
  </datafield>
  <datafield tag="942" ind1=" " ind2=" ">
    <subfield code="2">ddc</subfield>
    <subfield code="c">BK</subfield>
  </datafield>
  <datafield tag="952" ind1=" " ind2=" ">
    <subfield code="0">0</subfield>
    <subfield code="1">0</subfield>
    <subfield code="2">ddc</subfield>
    <subfield code="4">0</subfield>
    <subfield code="5">1</subfield>
    <subfield code="7">0</subfield>
    <subfield code="8">FP</subfield>
    <subfield code="a">APL</subfield>
    <subfield code="b">APL</subfield>
    <subfield code="c">REF</subfield>
    <subfield code="d">2024-05-30</subfield>
    <subfield code="e">AHUJA PUBLICATION</subfield>
    <subfield code="g">11000.00</subfield>
    <subfield code="i">SGTU</subfield>
    <subfield code="o">615.58 D23D</subfield>
    <subfield code="p">FP4831</subfield>
    <subfield code="r">2024-05-30 00:00:00</subfield>
    <subfield code="w">2024-05-08</subfield>
    <subfield code="y">BK</subfield>
    <subfield code="k">18906</subfield>
  </datafield>
  <datafield tag="952" ind1=" " ind2=" ">
    <subfield code="0">0</subfield>
    <subfield code="1">0</subfield>
    <subfield code="2">ddc</subfield>
    <subfield code="4">0</subfield>
    <subfield code="5">1</subfield>
    <subfield code="7">0</subfield>
    <subfield code="8">FP</subfield>
    <subfield code="a">APL</subfield>
    <subfield code="b">APL</subfield>
    <subfield code="c">REF</subfield>
    <subfield code="d">2024-05-30</subfield>
    <subfield code="e">AHUJA PUBLICATION</subfield>
    <subfield code="g">11000.00</subfield>
    <subfield code="i">SGTU</subfield>
    <subfield code="o">615.58 D23D</subfield>
    <subfield code="p">FP4832</subfield>
    <subfield code="r">2024-05-30 00:00:00</subfield>
    <subfield code="w">2024-05-08</subfield>
    <subfield code="y">BK</subfield>
    <subfield code="k">18906</subfield>
  </datafield>
  <datafield tag="952" ind1=" " ind2=" ">
    <subfield code="0">0</subfield>
    <subfield code="1">0</subfield>
    <subfield code="2">ddc</subfield>
    <subfield code="4">0</subfield>
    <subfield code="5">1</subfield>
    <subfield code="7">0</subfield>
    <subfield code="8">FP</subfield>
    <subfield code="a">APL</subfield>
    <subfield code="b">APL</subfield>
    <subfield code="c">REF</subfield>
    <subfield code="d">2024-05-30</subfield>
    <subfield code="e">AHUJA PUBLICATION</subfield>
    <subfield code="g">11000.00</subfield>
    <subfield code="i">SGTU</subfield>
    <subfield code="o">615.58 D23D</subfield>
    <subfield code="p">FP4833</subfield>
    <subfield code="r">2024-05-30 00:00:00</subfield>
    <subfield code="w">2024-05-08</subfield>
    <subfield code="y">BK</subfield>
    <subfield code="k">18906</subfield>
  </datafield>
  <datafield tag="999" ind1=" " ind2=" ">
    <subfield code="c">26450</subfield>
    <subfield code="d">26450</subfield>
  </datafield>
</record>
